00654nam a2200229Ia 4500001000600000003000900006008004100015040001300056040001300069041001300082100002500095100002900120245003600149245005800185250001100243260000900254260001400263260004900277300004100326650002600367650003100393 3599IT-RoPAU130308s9999 xx 000 0 und d aIT-RoPAU cIT-RoPAU aITALIANO aMurgia Pier Giuseppe gCodice Aut. SPICS: 3452 aDal soggetto alla sceneggiatura bRegia cinemtaografica e Televisiva-I Volume (3 Parti) a1a ed. aROMA bAccademia c1971 [1° Ed.:1971 - Ed.Ling.Originale:1971] a"56 p. (prefazione: no ; testo: 56)" aREGIA CINEMATOGRAFICA eCodice materia Spics: 6803